00660nam a2200169 a 450000100100000000500170001000800410002704000250006811000320009324000180012524500660014326000630020930000260027204900090029895201660030799900170047300003361420200930070404.0110901s1862 dr 000 0 spa d aDO-SdBNPbspacBNPHU1 aRepública Dominicana944710a[Leyes, etc.]10aCódigo civil de la provincia Española de Santo Domingo /. aSanto Domingo :aImprenta D. Manuel de J. García,c1862. a385, xix p. ;c22 cm. aBNPD 0010718PDaPDbPDcCTd2011-09-01iLF1l0o p33614-10r2020-06-25w2020-06-25yLFPDzPerteneció a la biblioteca personal de Julio Ortega FrierZNo se presta c33105d33105